004510000a2200145000450024500750000065000110007565000190008665000230010565000240012865100200015265300140017204100130018610000240019977300820022310aSubstrate preference of lauranceae and ferns in the Iquitos area, Peru14aSuelos14aDistribución14aEcología vegetal14aRiqueza de especies 4mIquitospPerú fLauraceae0 aInglés1 aWerff, Henk Van Der1 tCadollea: Journal International Botanique Systematique3779h47bq11-20d1992